Reward management : (Record no. 22489)
[ view plain ]
| 000 -LEADER | |
|---|---|
| fixed length control field | 00852cam a22002415a 4500 |
| 001 - CONTROL NUMBER | |
| control field | 14863656 |
| 005 - DATE AND TIME OF LATEST TRANSACTION | |
| control field | 20161010140201.0 |
| 008 - FIXED-LENGTH DATA ELEMENTS--GENERAL INFORMATION | |
| fixed length control field | 070524s2007 enk frf 001 0 eng d |
| 020 ## - INTERNATIONAL STANDARD BOOK NUMBER | |
| International Standard Book Number | 9780749449865 |
| 040 ## - CATALOGING SOURCE | |
| Original cataloging agency | DLC |
| Transcribing agency | DLC |
| Modifying agency | BTCTA |
| -- | BAKER |
| -- | BWKUK |
| -- | YDXCP |
| -- | BWK |
| -- | DLC |
| -- | EG-ScBUE |
| Language of cataloging | eng |
| 082 04 - DEWEY DECIMAL CLASSIFICATION NUMBER | |
| Classification number | 658.32 |
| Edition number | 22 |
| Item number | ARM |
| 100 1# - MAIN ENTRY--PERSONAL NAME | |
| Personal name | Armstrong, Michael, |
| Dates associated with a name | 1928- |
| 9 (RLIN) | 23156 |
| 245 10 - TITLE STATEMENT | |
| Title | Reward management : |
| Remainder of title | a handbook of remuneration strategy and practice / |
| Statement of responsibility, etc | Michael Armstrong and Helen Murlis. |
| 250 ## - EDITION STATEMENT | |
| Edition statement | 5th ed., Rev. ed. |
| 260 ## - PUBLICATION, DISTRIBUTION, ETC. (IMPRINT) | |
| Place of publication, distribution, etc | London ; |
| -- | Philadelphia : |
| Name of publisher, distributor, etc | Kogan Page, |
| Date of publication, distribution, etc | 2007. |
| 300 ## - PHYSICAL DESCRIPTION | |
| Extent | xiv, 722 p. ; |
| Dimensions | 24 cm. |
| 500 ## - GENERAL NOTE | |
| General note | "In association with HayGroup." |
| 500 ## - GENERAL NOTE | |
| General note | Index : p. [714]-722. |
| 650 #0 - SUBJECT ADDED ENTRY--TOPICAL TERM | |
| Topical term or geographic name as entry element | Compensation management |
| Form subdivision | Handbooks, manuals, etc. |
| Source of heading or term | BUEsh |
| 653 ## - INDEX TERM--UNCONTROLLED | |
| Resource For college | BAEPS, Business Administration |
| Arrived date list | October2016 |
| 700 1# - ADDED ENTRY--PERSONAL NAME | |
| Personal name | Murlis, Helen. |
| 942 ## - ADDED ENTRY ELEMENTS (KOHA) | |
| Source of classification or shelving scheme | Dewey Decimal Classification |
| Withdrawn status | Item status | Source of classification or shelving scheme | Damaged status | Not for loan | Vendor | Home library | Current library | Shelving location | Date acquired | Source of acquisition | Cost, normal purchase price | Total Checkouts | Total Renewals | Full call number | Barcode | Date last seen | Date last borrowed | Koha item type |
|---|---|---|---|---|---|---|---|---|---|---|---|---|---|---|---|---|---|---|
| Dewey Decimal Classification | Baccah | Central Library | Central Library | First floor | 10/10/2016 | Purchase | 620.00 | 17 | 26 | 658.32 ARM | 000033965 | 15/07/2025 | 30/10/2019 | Book - Borrowing |